عرض عادي عرض مارك
  • Arab-Israeli conflict

دخول Topical Term

عدد التسجيلات المستخدمة: 1

001 - CONTROL NUMBER

  • control field: 26324

003 - CONTROL NUMBER IDENTIFIER

  • control field: AE-AdECS

005 - DATE AND TIME OF LATEST TRANSACTION

  • control field: 20260210093425.0

008 - FIXED-LENGTH DATA ELEMENTS

  • fixed length control field: 260210|| aca||aabn | a|a d

040 ## - CATALOGING SOURCE

  • Original cataloging agency: AE-AdECS
  • Transcribing agency: AE-AdECS

150 ## - HEADING--TOPICAL TERM

  • Topical term or geographic name entry element: Arab-Israeli conflict
  • General subdivision: Religious and ideological aspects

670 ## - SOURCE DATA FOUND

  • Source citation: Work cat.: (AE-AdECS)294155: Al-Modhaki, Abdulla author. 26323, I will meet you at the crossroads :

أبوظبي، الإمارات العربية المتحدة

reference@ecssr.ae

97124044780 +

حقوق النشر © 2026 مركز الإمارات للدراسات والبحوث الاستراتيجية جميع الحقوق محفوظة